000 00357nam a2200145 i 4500
001 bg
100 1 _aRIABUSZYN, Aleksander
245 0 _aArchitektura radziecka /
_cA. Riabuszyn, I. Szyszkina.
260 _aWarszawa,
_c1987.
700 1 _aSZYSZKINA, Iraida
040 _cBPK
041 _apol
942 _cKS
008 s pl f |000 0 pol
999 _c23559
_d23559
856 _uhttp://koha.tu.koszalin.pl/cgi-bin/koha/opac-detail.pl?biblionumber=23559
_yKatalog online BPK